|
|
|
|
| LEADER |
00000nam0a2200000 4500 |
| 001 |
68272 |
| 005 |
20231031074722.0 |
| 010 |
|
|
|a 5272000285
|
| 035 |
|
|
|a (RuTPU)RU\TPU\book\72692
|
| 090 |
|
|
|a 68272
|
| 100 |
|
|
|a 20041004d2004 m y0rusy50 ca
|
| 101 |
0 |
|
|a rus
|
| 102 |
|
|
|a RU
|
| 105 |
|
|
|a y j 001zy
|
| 200 |
1 |
|
|a Мотивация и мотивы
|e учебное пособие
|f Е. П. Ильин
|
| 210 |
|
|
|a СПб.
|c Питер
|d 2004
|
| 215 |
|
|
|a 508 с.
|
| 225 |
1 |
|
|a Мастера психологии
|
| 320 |
|
|
|a Библиогр.: с. 481-501.
|
| 320 |
|
|
|a Предметный указатель: с. 502-508.
|
| 610 |
1 |
|
|a психология
|
| 610 |
1 |
|
|a поведение
|
| 610 |
1 |
|
|a потребности
|
| 610 |
1 |
|
|a мотивы
|
| 610 |
1 |
|
|a мотивы деятельности
|
| 610 |
1 |
|
|a мотивация
|
| 610 |
1 |
|
|a теория
|
| 610 |
1 |
|
|a возрастная психология
|
| 610 |
1 |
|
|a общение
|
| 610 |
1 |
|
|a социальное поведение
|
| 610 |
1 |
|
|a учебная деятельность
|
| 610 |
1 |
|
|a профессиональная деятельность
|
| 610 |
1 |
|
|a эффективность
|
| 610 |
1 |
|
|a патология
|
| 610 |
1 |
|
|a изучение
|
| 610 |
1 |
|
|a учебные пособия
|
| 686 |
|
|
|a Ю936я73
|v LBC/SL-A
|2 rubbk
|
| 700 |
|
1 |
|a Ильин
|b Е. П.
|g Евгений Павлович
|
| 801 |
|
1 |
|a RU
|b 63413507
|c 20041004
|g PSBO
|
| 801 |
|
2 |
|a RU
|b 63413507
|c 20120305
|g PSBO
|
| 942 |
|
|
|c BK
|
| 959 |
|
|
|a 119/20040924
|d 1
|e 110
|f ЧЗГЛ:1
|